If you lived at the Time of the great San Francisco earthquake / (Record no. 7760)

MARC details
000 -LEADER
fixed length control field 01037nam a22003137a 4500
001 - CONTROL NUMBER
control field 7760
003 - CONTROL NUMBER IDENTIFIER
control field FISKH
005 - DATE AND TIME OF LATEST TRANSACTION
control field 20251210150603.0
008 - FIXED-LENGTH DATA ELEMENTS--GENERAL INFORMATION
fixed length control field 250805b cb ||||| |||| 00| 0 eng d
020 ## - INTERNATIONAL STANDARD BOOK NUMBER
International Standard Book Number 9780590451574
040 ## - CATALOGING SOURCE
Original cataloging agency FISKH
Language of cataloging eng
Transcribing agency FISKH
Modifying agency FISKH
050 ## - LIBRARY OF CONGRESS CALL NUMBER
Classification number QE535.S37
082 ## - DEWEY DECIMAL CLASSIFICATION NUMBER
Classification number 979.461051
100 ## - MAIN ENTRY--PERSONAL NAME
Personal name Levine, Ellen
245 ## - TITLE STATEMENT
Title If you lived at the Time of the great San Francisco earthquake /
Statement of responsibility, etc. By Ellen Levine : Illustrated by Pat Grant Porter
250 ## - EDITION STATEMENT
Edition statement First Scholastic printing, July 1992
260 ## - PUBLICATION, DISTRIBUTION, ETC.
Place of publication, distribution, etc. New York :
Name of publisher, distributor, etc. Scholastic,
Date of publication, distribution, etc. 1992.
300 ## - PHYSICAL DESCRIPTION
Extent 64 pages :
Other physical details color illustrations ;
Dimensions 19 X 23 cm .
490 ## - SERIES STATEMENT
Series statement If you ....
505 ## - FORMATTED CONTENTS NOTE
Formatted contents note R <br/>
520 ## - SUMMARY, ETC.
Summary, etc. Answers many questions about what happened when a big earthquake hit the city of San Francisco in 1906.<br/>
521 8# - TARGET AUDIENCE NOTE
Target audience note 760 <br/>
Source Lexile <br/>
521 8# - TARGET AUDIENCE NOTE
Target audience note R <br/>
Source Raz-Plus <br/>
650 ## - SUBJECT ADDED ENTRY--TOPICAL TERM
Topical term or geographic name entry element Earthquakes
Form subdivision Non-fiction
650 ## - SUBJECT ADDED ENTRY--TOPICAL TERM
Topical term or geographic name entry element Natural disasters
Form subdivision Non-fiction
700 ## - ADDED ENTRY--PERSONAL NAME
Personal name Porter, Pat Grant
942 ## - ADDED ENTRY ELEMENTS (KOHA)
Source of classification or shelving scheme Dewey Decimal Classification
Koha item type Books
Suppress in OPAC No
Holdings
Withdrawn status Lost status Source of classification or shelving scheme Damaged status Not for loan Collection Home library Current library Shelving location Date acquired Total Checkouts Full call number Barcode Date last seen Copy number Price effective from Koha item type
    Dewey Decimal Classification     Non-Fiction Footprints International School Library Network Toul Tom Poung Campus Footprints International School Library Network Toul Tom Poung Campus TTP Primary Orange Bookshelves 08/05/2025   LEV 979.461051 QE535.S37 FISTK01571 08/05/2025 1 08/05/2025 Books
    Dewey Decimal Classification     Non-Fiction Footprints International School Library Network Toul Tom Poung Campus Footprints International School Library Network Toul Tom Poung Campus TTP Primary Orange Bookshelves 08/14/2025   LEV 979.461051 QE535.S37 FIS04829 08/14/2025 2 08/14/2025 Books
    Dewey Decimal Classification     Non-Fiction Footprints International School Library Network Toul Tom Poung Campus Footprints International School Library Network Toul Tom Poung Campus TTP Primary Orange Bookshelves 12/10/2025   LEV 979.461051 QE535.S37 FISBK05533 12/10/2025 3 12/10/2025 Books